000 00404nam a22001575i 4500
001 54757
003 ES-MaACL
007 t|
008 960729s1909 fr ||||1| fre d
040 _aCAM
_bspa
_cCAM
100 1 _aGaboriau, Emile.
_953145
245 1 2 _aL'affaire Lerouge /
_cpar Emile Gaboriau.
260 _aParis :
_bA. Fayard,
_c[1909]
300 _a412 p. ;
_c19 cm.
852 _aES-MaACL
_jD-996
999 _c54757
_d54757